| 000 | 00624nam a2200229 i 4500 | ||
|---|---|---|---|
| 001 | bg | ||
| 245 | 7 | 0 |
_aDictionnaire d'apprentissage de la langue française / _créd. Alain Rey. |
| 260 |
_aParis : _bDictionnaires le Robert, _c1993. |
||
| 300 |
_aXXI, 1376, LXVII s. ; _c18 cm. |
||
| 490 | 1 | _aLe Robert Micro. Poche | |
| 650 | 9 | _aJęzyk francuski | |
| 655 | _aSłowniki | ||
| 700 | 1 |
_aREY, Alain. _eRed. |
|
| 830 | 0 |
_aLe Robert Micro. _pPoche |
|
| 020 | _a2850362581 | ||
| 040 | _cBPK | ||
| 041 | _afr | ||
| 080 | _a804.0-3 | ||
| 920 | _a2-85036-258-1 | ||
| 942 | _cKS | ||
| 008 | s pl f |000 0 pol | ||
| 999 |
_c6949 _d6949 |
||